Food Wars : crisis alimentarias y políticas de ajuste estructural /

Análisis de la crisis alimentaria producida por la escasez y agravamiento durante la primera década del siglo XXI en diversos países en vías de desarrollo, cuyo autor adjudica su causa primera a las políticas de ajuste estructural impuestas por organismos internacionales como el Banco Mundial y el F...

Whakaahuatanga katoa

I tiakina i:
Ngā taipitopito rārangi puna kōrero
Kaituhi matua: Bello, Walden (autor)
Ētahi atu kaituhi: Kucharz, Tom (epílogo) (epílogo)
Hōputu: Pukapuka
Reo:Pāniora
I whakaputaina: Barcelona, España : Virus, 2012, c2012
Ngā marau:
Ngā Tūtohu: Tāpirihia he Tūtohu
Kāore He Tūtohu, Me noho koe te mea tuatahi ki te tūtohu i tēnei pūkete!

MARC

LEADER 00000nam^a2200000^a^4500
001 000342538
005 20250521000000.0
009 20260310114556.556
020 |a 978-84-92559-36-7 
037 |a Acervo ITESO - Biblioteca 
041 |a ESP 
082 |a 338. 19  |b BEL 
100 |a Bello, Walden  |e (autor) 
245 1 0 |a Food Wars :  |b crisis alimentarias y políticas de ajuste estructural /  |c W. Bello ; epílogo de T. Kucharz ; tr. de Ambar Sewell. 
264 4 |a Barcelona, España :  |b Virus,  |c 2012, c2012 
300 |a 286 p. 
336 |a texto  |b txt  |2 rdacontenido 
337 |a sin mediación  |b n  |2 rdamedio 
338 |a volumen  |b nc  |2 rdasoporte 
500 |a Traducción de: The Food Wars 
520 |a Análisis de la crisis alimentaria producida por la escasez y agravamiento durante la primera década del siglo XXI en diversos países en vías de desarrollo, cuyo autor adjudica su causa primera a las políticas de ajuste estructural impuestas por organismos internacionales como el Banco Mundial y el Fondo Monetario International (FMI) desde el último cuarto del siglo XX. El activista filipino Walden Bello examina una serie de casos nacionales y continentales del sector agrícola (México, Africa, Filipinas y China) que resultan muy ilustrativos del desarrollo de una crisis alimentaria en sus aspectos ecológico y humanitario, agravada por nuevos frentes como es la sustitución masiva de tierras de cultivo de alimentos por tierras dedicadas a la producción de agrocombustibles. 
649 |a XX 
650 |a Abasto de Alimentos -  |x Tema Principal 
650 |a Arroz -  |z Filipinas -  |x Aspectos Económicos 
650 |a Agricultura -  |z Africa -  |x Aspectos Económicos 
650 |a Agricultura -  |z China -  |x Aspectos Económicos 
650 |a Agricultura -  |z Filipinas -  |x Aspectos Económicos 
650 |a Agricultura -  |z México -  |x Aspectos Económicos 
650 |a Problemas Sociales 
650 |a Política Alimentaria 
650 |a Política Económica 
650 |a Economía Internacional -  |x Historia -  |y 2000-2009 
650 |a Economía Internacional -  |x Historia -  |y Siglo XXI 
700 |a Kucharz, Tom  |e (epílogo) 
910 |a Fondo General 
920 |a Impresos - Libros 
930 |a Colección General 
905 |a 101 
901 |a 0500232288  |b IT1  |c ACC  |i C141034  |u 20250521 
902 |a https://opac.biblio.iteso.mx/vufind/Record/000342538